<?xml version="1.0" encoding="UTF-8"?>
<record
    xmlns:xsi="http://www.w3.org/2001/XMLSchema-instance"
    xsi:schemaLocation="http://www.loc.gov/MARC21/slim http://www.loc.gov/standards/marcxml/schema/MARC21slim.xsd"
    xmlns="http://www.loc.gov/MARC21/slim">

  <leader>00934nam a22002175a 4500</leader>
  <controlfield tag="003">OSt</controlfield>
  <controlfield tag="005">20170504110048.0</controlfield>
  <controlfield tag="008">170112s2016    ua     frb    000 0 ara d</controlfield>
  <datafield tag="040" ind1=" " ind2=" ">
    <subfield code="a">EG-ScBUE</subfield>
    <subfield code="b">ara</subfield>
    <subfield code="c">EG-ScBUE</subfield>
  </datafield>
  <datafield tag="082" ind1="0" ind2="4">
    <subfield code="a">340.59</subfield>
    <subfield code="b">&#x623; &#x628; &#x648;</subfield>
    <subfield code="2">22</subfield>
  </datafield>
  <datafield tag="100" ind1="1" ind2=" ">
    <subfield code="a">&#x623;&#x628;&#x648; &#x627;&#x644;&#x641;&#x62A;&#x648;&#x62D;&#x60C; &#x633;&#x639;&#x64A;&#x62F;.</subfield>
  </datafield>
  <datafield tag="245" ind1="1" ind2="2">
    <subfield code="a">&#x627;&#x644;&#x645;&#x62F;&#x62E;&#x644; &#x644;&#x62F;&#x631;&#x627;&#x633;&#x629; &#x627;&#x644;&#x641;&#x642;&#x647; &#x627;&#x644;&#x625;&#x633;&#x644;&#x627;&#x645;&#x64A; /</subfield>
    <subfield code="c">&#x633;&#x639;&#x64A;&#x62F; &#x623;&#x628;&#x648; &#x627;&#x644;&#x641;&#x62A;&#x648;&#x62D;.</subfield>
  </datafield>
  <datafield tag="260" ind1=" " ind2=" ">
    <subfield code="a">[&#x62F;. &#x645;. :</subfield>
    <subfield code="b">&#x62F;. &#x646;.]&#x60C;</subfield>
    <subfield code="c">2016</subfield>
    <subfield code="e">(&#x637;&#x648;&#x62E; :</subfield>
    <subfield code="f">&#x627;&#x644;&#x62F;&#x627;&#x631; &#x627;&#x644;&#x645;&#x62D;&#x645;&#x62F;&#x64A;&#x629; &#x644;&#x644;&#x637;&#x628;&#x627;&#x639;&#x629;)</subfield>
  </datafield>
  <datafield tag="300" ind1=" " ind2=" ">
    <subfield code="a">176 &#x635;. &#x61B;</subfield>
    <subfield code="c">24 &#x633;&#x645;.</subfield>
  </datafield>
  <datafield tag="504" ind1=" " ind2=" ">
    <subfield code="a">&#x64A;&#x634;&#x62A;&#x645;&#x644; &#x639;&#x644;&#x649; &#x625;&#x631;&#x62C;&#x627;&#x639;&#x627;&#x62A; &#x628;&#x628;&#x644;&#x64A;&#x648;&#x62C;&#x631;&#x627;&#x641;&#x64A;&#x629;.</subfield>
  </datafield>
  <datafield tag="505" ind1="0" ind2=" ">
    <subfield code="a">&#x627;&#x644;&#x642;&#x633;&#x645; &#x627;&#x644;&#x623;&#x648;&#x644;. &#x646;&#x638;&#x631;&#x64A;&#x629; &#x627;&#x644;&#x639;&#x642;&#x62F; &#x641;&#x64A; &#x627;&#x644;&#x641;&#x642;&#x647; &#x627;&#x644;&#x625;&#x633;&#x644;&#x627;&#x645;&#x64A; -- &#x627;&#x644;&#x642;&#x633;&#x645; &#x627;&#x644;&#x62B;&#x627;&#x646;&#x64A;. &#x627;&#x644;&#x62C;&#x631;&#x64A;&#x645;&#x629; &#x648;&#x627;&#x644;&#x639;&#x642;&#x648;&#x628;&#x629; &#x641;&#x64A; &#x627;&#x644;&#x634;&#x631;&#x64A;&#x639;&#x629; &#x627;&#x644;&#x625;&#x633;&#x644;&#x627;&#x645;&#x64A;&#x629;.</subfield>
  </datafield>
  <datafield tag="650" ind1=" " ind2="7">
    <subfield code="a">&#x627;&#x644;&#x641;&#x642;&#x647; &#x627;&#x644;&#x625;&#x633;&#x644;&#x627;&#x645;&#x64A;.</subfield>
    <subfield code="2">BUEsh</subfield>
    <subfield code="9">40834</subfield>
  </datafield>
  <datafield tag="653" ind1=" " ind2=" ">
    <subfield code="b">LLAAWW</subfield>
    <subfield code="c">January2017</subfield>
  </datafield>
  <datafield tag="655" ind1=" " ind2=" ">
    <subfield code="v">Text book</subfield>
    <subfield code="9">33728</subfield>
  </datafield>
  <datafield tag="942" ind1=" " ind2=" ">
    <subfield code="2">ddc</subfield>
  </datafield>
  <datafield tag="999" ind1=" " ind2=" ">
    <subfield code="c">23907</subfield>
    <subfield code="d">23879</subfield>
  </datafield>
  <datafield tag="952" ind1=" " ind2=" ">
    <subfield code="0">0</subfield>
    <subfield code="1">0</subfield>
    <subfield code="2">ddc</subfield>
    <subfield code="4">0</subfield>
    <subfield code="7">0</subfield>
    <subfield code="8">Baccah</subfield>
    <subfield code="a">MAIN</subfield>
    <subfield code="b">MAIN</subfield>
    <subfield code="c">1ST</subfield>
    <subfield code="d">2017-01-12</subfield>
    <subfield code="e">Purchase</subfield>
    <subfield code="o">340.59 &#x623; &#x628; &#x648;</subfield>
    <subfield code="p">000040873</subfield>
    <subfield code="r">2025-07-15 00:00:00</subfield>
    <subfield code="y">NB</subfield>
  </datafield>
  <datafield tag="952" ind1=" " ind2=" ">
    <subfield code="0">0</subfield>
    <subfield code="1">0</subfield>
    <subfield code="2">ddc</subfield>
    <subfield code="4">0</subfield>
    <subfield code="7">0</subfield>
    <subfield code="8">Baccah</subfield>
    <subfield code="a">MAIN</subfield>
    <subfield code="b">MAIN</subfield>
    <subfield code="c">1ST</subfield>
    <subfield code="d">2017-01-12</subfield>
    <subfield code="e">Purchase</subfield>
    <subfield code="o">340.59 &#x623; &#x628; &#x648;</subfield>
    <subfield code="p">000040874</subfield>
    <subfield code="r">2025-07-15 00:00:00</subfield>
    <subfield code="y">BB</subfield>
  </datafield>
  <datafield tag="952" ind1=" " ind2=" ">
    <subfield code="0">0</subfield>
    <subfield code="1">0</subfield>
    <subfield code="2">ddc</subfield>
    <subfield code="4">0</subfield>
    <subfield code="7">0</subfield>
    <subfield code="8">Baccah</subfield>
    <subfield code="a">MAIN</subfield>
    <subfield code="b">MAIN</subfield>
    <subfield code="c">1ST</subfield>
    <subfield code="d">2017-01-12</subfield>
    <subfield code="e">Purchase</subfield>
    <subfield code="o">340.59 &#x623; &#x628; &#x648;</subfield>
    <subfield code="p">000040875</subfield>
    <subfield code="r">2025-07-15 00:00:00</subfield>
    <subfield code="y">BB</subfield>
  </datafield>
  <datafield tag="952" ind1=" " ind2=" ">
    <subfield code="0">0</subfield>
    <subfield code="1">0</subfield>
    <subfield code="2">ddc</subfield>
    <subfield code="4">0</subfield>
    <subfield code="7">0</subfield>
    <subfield code="8">Baccah</subfield>
    <subfield code="a">MAIN</subfield>
    <subfield code="b">MAIN</subfield>
    <subfield code="c">1ST</subfield>
    <subfield code="d">2017-01-12</subfield>
    <subfield code="e">Purchase</subfield>
    <subfield code="o">340.59 &#x623; &#x628; &#x648;</subfield>
    <subfield code="p">000040876</subfield>
    <subfield code="r">2025-07-15 00:00:00</subfield>
    <subfield code="y">BB</subfield>
  </datafield>
  <datafield tag="952" ind1=" " ind2=" ">
    <subfield code="0">0</subfield>
    <subfield code="1">0</subfield>
    <subfield code="2">ddc</subfield>
    <subfield code="4">0</subfield>
    <subfield code="7">0</subfield>
    <subfield code="8">Baccah</subfield>
    <subfield code="a">MAIN</subfield>
    <subfield code="b">MAIN</subfield>
    <subfield code="c">1ST</subfield>
    <subfield code="d">2017-01-12</subfield>
    <subfield code="e">Purchase</subfield>
    <subfield code="o">340.59 &#x623; &#x628; &#x648;</subfield>
    <subfield code="p">000040877</subfield>
    <subfield code="r">2025-07-15 00:00:00</subfield>
    <subfield code="s">2024-10-14</subfield>
    <subfield code="y">BB</subfield>
  </datafield>
</record>
